Statistics for Logan's Birthday Card Decoder

Click here to take the quiz!

General Stats

  • This quiz has been taken 101 times
  • The average score is 3 of 6

Answer Stats

QuestionAnswer% Correct
In what country did the coronavirus outbreak begin?
97%
In which city?
81%
What is your middle initial?
25%
What, primarily, do giant pandas eat?
25%
What was your countoff number?
24%
What code is named after the inventor of the telegraph?
22%

Score Distribution

Percentile by Number Answered

Percent of People with Each Score

Your Score History

You have not taken this quiz